|
|
|
|
| LEADER |
01134nab#a2200337#ar4500 |
| 001 |
000076975 |
| 003 |
SVKKK |
| 005 |
20070626110406.0 |
| 008 |
060725c xo e huno |
| FMT |
|
|
|
| 038 |
|
|
|a SVKKK
|
| 040 |
|
|
|a SVKKK
|b slo
|e AACR2
|
| 041 |
0 |
|
|a hun
|
| 044 |
|
|
|a xo
|c SK
|
| 080 |
|
|
|a 353
|2 1997
|
| 242 |
1 |
0 |
|a Slúžnovský úrad-
|
| 245 |
0 |
0 |
|a A szolgabírói állás-
|
| 520 |
2 |
|
|a Správa o preložení slúžneho Alexandra Somossyho do Sniny a Zoltána Izsépyho z Kráľovského Chlmca do Michaloviec
|
| 600 |
1 |
4 |
|a Izsépy, Zoltán,
|d 18??-19??,
|x slúžny
|z Kráľovský Chlmec (Slovensko)
|x pôsobenie ukončené
|z Michalovce (Slovensko)
|x pôsobenie
|y 1902
|
| 600 |
1 |
4 |
|a Somossy, Alexander,
|d 18??-19??,
|x slúžny
|z Snina (Slovensko)
|x pôsobenie
|y od r.1902
|
| 650 |
0 |
4 |
|a úrady slúžnovské
|x zmeny personálne
|z Snina, Kráľovský Chlmec, Michalovce (Slovensko)
|y 1902
|
| 773 |
0 |
|
|t Felső-Zemplén : Társadalmi hetilap
|g Roč. 7, č. 3 (16.01.1902) s. 2
|
| 957 |
|
|
|a 709
|
| 957 |
|
|
|a 807
|
| 957 |
|
|
|a 811
|
| 958 |
|
|
|a DG
|
| 958 |
|
|
|a HU
|
| 974 |
|
|
|a Ba
|
| 992 |
|
|
|a RBX
|
| BAS |
|
|
|
| 998 |
|
|
|a RETRO
|